000
00358nam a22001697a 4500
005
20260617162318.0
020
_a
9789388050210
041
_a
English
082
_a
T16 R20 ANA
100
_a
Anandakumar P
245
_a
Pulam peyarnthor Ilakkiyam
250
_a
01
260
_a
Chennai
_b
NCBH
_c
2020
300
_a
102
365
_b
100.00
942
_c
BK
999
_c
177922
_d
177922